Catálogo

Grafología : (Registro nro. 55998)

Detalles MARC
000 -LEADER
fixed length control field 00984cam a2200301 i 4500
001 - CONTROL NUMBER
control field 55998
003 - CONTROL NUMBER IDENTIFIER
control field Mx-PuUPA
005 - DATE AND TIME OF LATEST TRANSACTION
control field 20230810124517.0
008 - FIXED-LENGTH DATA ELEMENTS--GENERAL INFORMATION
fixed length control field 140415s2010 mx a gr 000 0 spa d
020 ## - INTERNATIONAL STANDARD BOOK NUMBER
International Standard Book Number 9786071703446
040 ## - CATALOGING SOURCE
Original cataloging agency Mx-PuUPA
Language of cataloging spa
Transcribing agency Mx-PuUPA
Modifying agency Mx-PuUPA
Description conventions rda
041 0# - LANGUAGE CODE
Language code of text/sound track or separate title spa
100 1# - MAIN ENTRY--PERSONAL NAME
Personal name Emmaus, Inés,
Relator term autor
245 10 - TITLE STATEMENT
Title Grafología :
Remainder of title una guía práctica /
Statement of responsibility, etc. Inés Emmaus, Lourdes Aragón Chacón, Alinka Zapfe Medina
250 ## - EDITION STATEMENT
Edition statement Segunda edición
264 #1 - PRODUCTION, PUBLICATION, DISTRIBUTION, MANUFACTURE, AND COPYRIGHT NOTICE
Place of production, publication, distribution, manufacture México, D.F. :
Name of producer, publisher, distributor, manufacturer Editorial Trillas,
Date of production, publication, distribution, manufacture, or copyright notice ©2010
300 ## - PHYSICAL DESCRIPTION
Extent 198 páginas :
Other physical details ilustraciones ;
Dimensions 23 cm
336 ## - CONTENT TYPE
Fuente rdacontent
Content type term texto
Content type code txt
337 ## - MEDIA TYPE
Source rdamedia
Media type term sin medio
Media type code n
338 ## - CARRIER TYPE
Source rdacarrier
Carrier type term volumen
Carrier type code nc
545 1# - BIOGRAPHICAL OR HISTORICAL DATA
Biographical or historical data Reimpresiones: (2012).
650 #7 - SUBJECT ADDED ENTRY--TOPICAL TERM
Topical term or geographic name entry element Grafología
Source of heading or term armarc
700 1# - ADDED ENTRY--PERSONAL NAME
Personal name Aragón Chacón, Lourdes,
Relator term autor
700 1# - ADDED ENTRY--PERSONAL NAME
Personal name Medina, Alinka Zapfe,
Relator term autor
942 ## - ADDED ENTRY ELEMENTS (KOHA)
Source of classification or shelving scheme Dewey Decimal Classification
Koha item type Libro
Classification part 155.282
Item part E54
Existencias
Withdrawn status Lost status Source of classification or shelving scheme Damaged status Not for loan Collection code Home library Current library Shelving location Date acquired Source of acquisition Total Checkouts Total Renewals Full call number Barcode Date last seen Date last checked out Price effective from Koha item type
    Dewey Decimal Classification     General Biblioteca Karol Wojtyla Biblioteca Karol Wojtyla Sala general 03/12/2013 Compra 2 1 155.282 EMM 84189 05/01/2026 07/02/2019 03/12/2013 Libro
    Dewey Decimal Classification     General Biblioteca Karol Wojtyla Biblioteca Karol Wojtyla Sala general 03/12/2013 Compra     155.282 EMM 84190 05/01/2026 09/02/2016 03/12/2013 Libro
    Dewey Decimal Classification     General Biblioteca Karol Wojtyla Biblioteca Karol Wojtyla Sala general 03/12/2013 Compra 2   155.282 EMM 84188 05/01/2026 19/07/2025 03/12/2013 Libro
    Dewey Decimal Classification     General Tehuacán Tehuacán Sala general 13/10/2014 Compra     155.282 E54 2010 968000001548 08/01/2025   13/10/2014 Libro